000 01101nam0a2200337 4500
001 RU\NLR\bibl\121815
005 20260607062453.0
020 _aRU
_b98-33232
_9Книжная летопись
021 _aRU
_b98-25846
_91234
035 _a(NLR Aleph) 000119293
090 _a678927
_c678927
100 _a20000410d1998 |||y0rusy50 ca
101 0 _arus
102 _aRU
105 _ay |||||||||
200 1 _aО надписании псалмов
_fСвт. Григорий Нисский
210 _aМ.
_cИзд-во им. свт. Игнатия Ставропол.
_d1998
215 _a143,[1] с.
_d21
225 1 _aСвятоотеческое наследие
610 0 _aПсалмы
675 _a24
_v3
_zrus
686 _a21
_2rugasnti
686 _a86
_2rubbk
700 0 _4070
_7ca
_8rus
_aГригорий
_cепископ Нисский
_fок.331-ок.394
_9118812
_3RU\NLR\auth\778933
801 0 _aRU
_bRKP
_c20000410
_gPSBO
801 1 _aRU
_bRKP
_c20000410
801 2 _aRU
_bNLR
_c20010719
_grcr
852 _aNLR
_j98-5/2372
942 _cBOOK
980 _aNB